Military, state, and society in Pakistan (Record no. 71430)

000 -LEADER
fixed length control field 00692nam a22001937a 4500
003 - CONTROL NUMBER IDENTIFIER
control field NUST - PNEC
005 - DATE AND TIME OF LATEST TRANSACTION
control field 20170116181200.0
008 - FIXED-LENGTH DATA ELEMENTS--GENERAL INFORMATION
fixed length control field 160209b xxu||||| |||| 00| 0 eng d
020 ## - INTERNATIONAL STANDARD BOOK NUMBER
International Standard Book Number 9693515102
040 ## - CATALOGING SOURCE
Transcribing agency LIBRARY
082 ## - DEWEY DECIMAL CLASSIFICATION NUMBER
Classification number 954.91 HAS
100 ## - MAIN ENTRY--PERSONAL NAME
9 (RLIN) 16340
Personal name Hasan Askari Rizvi
245 ## - TITLE STATEMENT
Title Military, state, and society in Pakistan
Statement of responsibility, etc. Hasan Askari Rizvi
260 ## - PUBLICATION, DISTRIBUTION, ETC.
Place of publication, distribution, etc. Lahore:
Name of publisher, distributor, etc. Sang-e-Meel Publications;
Date of publication, distribution, etc. 2003
300 ## - PHYSICAL DESCRIPTION
Extent 307 pages
650 ## - SUBJECT ADDED ENTRY--TOPICAL TERM
9 (RLIN) 16341
Topical term or geographic name entry element Pakistan, Political and Government
General subdivision General
856 ## - ELECTRONIC LOCATION AND ACCESS
Uniform Resource Identifier <a href="http://www.amazon.com/Military-State-Society-Pakistan-Askari/dp/9693515102/ref=sr_1_1?s=books&ie=UTF8&qid=1455005888&sr=1-1&keywords=9693515102">http://www.amazon.com/Military-State-Society-Pakistan-Askari/dp/9693515102/ref=sr_1_1?s=books&ie=UTF8&qid=1455005888&sr=1-1&keywords=9693515102</a>
942 ## - ADDED ENTRY ELEMENTS (KOHA)
Source of classification or shelving scheme
Koha item type Book
Holdings
Withdrawn status Lost status Source of classification or shelving scheme Materials specified (bound volume or other part) Damaged status Not for loan Permanent Location Current Location Shelving location Date acquired Source of acquisition Cost, normal purchase price Total Checkouts Full call number Barcode Date last seen Cost, replacement price Price effective from Koha item type
      Hardbound     Pakistan Navy Engineering College (PNEC) Pakistan Navy Engineering College (PNEC)   12/09/2015 Ayas Distributors/Library grant 590.00   954.91 HAS PNECLIB-032611 02/09/2016 590.00 12/09/2015 Book
© 2023 Central Library, National University of Sciences and Technology. All Rights Reserved.